Loading...
| Social Science | 0 | 5 | 1 | 1 | 45 | 85 | 102.80 | 1 | 5 |
| Literature - European Literature | 1 | 3 | 0 | 1 | 45 | 64 | 105.00 | 0 | 4 |
| Science - Biology | 1 | 2 | 1 | 0 | 30 | 56 | 76.33 | 1 | 3 |
| Literature - British Literature | 0 | 3 | 1 | 2 | 25 | 129 | 132.33 | 0 | 3 |
| Philosophy | 1 | 1 | 0 | 1 | 25 | 71 | 96.00 | 0 | 2 |
| Other Academic | 1 | 1 | 0 | 0 | 25 | 71 | 83.50 | 0 | 2 |
| Science - Chemistry | 0 | 2 | 0 | 0 | 20 | 76 | 98.00 | 1 | 2 |
| History - European History | 0 | 2 | 0 | 1 | 20 | 111 | 118.00 | 1 | 2 |
| History - Other History | 0 | 2 | 0 | 1 | 20 | 106 | 118.00 | 0 | 2 |
| Auditory Arts | 0 | 2 | 1 | 2 | 15 | 120 | 127.00 | 0 | 2 |
| Science - Other Science | 1 | 0 | 0 | 0 | 15 | 71 | 71.00 | 1 | 1 |
| Literature - World Literature | 1 | 0 | 1 | 0 | 10 | 75 | 75.00 | 0 | 1 |
| History - American History | 0 | 1 | 0 | 0 | 10 | 115 | 115.00 | 0 | 1 |
| Fine Arts - Other Arts | 0 | 1 | 0 | 1 | 10 | 98 | 98.00 | 0 | 1 |
| Visual Arts | 0 | 2 | 2 | 1 | 10 | 94 | 104.00 | 0 | 2 |
| Literature - American Literature | 1 | 0 | 2 | 0 | 5 | 79 | 79.00 | 1 | 1 |
| History - World History | 0 | 1 | 2 | 0 | 0 | 97 | 97.00 | 0 | 1 |
| Science - Physics | 0 | 0 | 0 | 0 | 0 | 0.00 | 0 | 0 | |
| Beliefs | 0 | 1 | 6 | 0 | -20 | 133 | 133.00 | 0 | 1 |